[Event "South America-ch U18 17th"]
[Site "Guayaquil"]
[Date "2022.01.30"]
[Round "9"]
[White "Barrantes Cueva, Roberth Manuel"]
[Black "Wong Pages, Juan Diego"]
[Result "1-0"]
[WhiteElo "1670"]
[BlackElo "1933"]
[PlyCount "89"]
[EventDate "2022.01.25"]
[EventType "swiss"]
[EventRounds "9"]
[EventCountry "ECU"]
[SourceTitle "CBM 206 Extra"]
[Source "ChessBase"]
[SourceDate "2022.03.31"]
[SourceVersion "1"]
[SourceVersionDate "2022.03.31"]
[SourceQuality "1"]

1. d4 Nf6 2. Bf4 g6 3. Nc3 d5 4. Qd2 h5 5. Nf3 Bg7 6. h3 b6 7. 0-0-0 Bb7 8. Ne5 Nbd7 9. e3 a6 10. Bd3 Ne4 11. Nxe4 dxe4 12. Bc4 e6 13. Nxd7 Qxd7 14. d5 e5 15. Bg3 Qd6 16. f4 exf3 17. gxf3 0-0-0 18. Qe2 h4 19. Bh2 b5 20. Bb3 Bh6 21. Kb1 Qf6 22. e4 Bf8 23. Bg1 Bb4 24. a4 bxa4 25. Bxa4 Ba5 26. Rd3 Bb6 27. c4 Bxg1 28. Rxg1 Qb6 29. Rc1 Qc5 30. Qe1 a5 31. Ra3 Rd6 32. Bb5 Qb4 33. Qe3 Rf6 34. Rb3 Qe7 35. Qa7 a4 36. Bc6 Bxc6 37. Rb8+ Kd7 38. dxc6+ Rxc6 39. Rxh8 Qb4 40. Rd1+ Ke6 41. Qa8 Rb6 42. Qe8+ Kf6 43. Qd8+ Kg7 44. Rg8+ Kh7 45. Qxh4+ 1-0

[Event "South America-ch U18 17th"]
[Site "Guayaquil"]
[Date "2022.01.26"]
[Round "2"]
[White "Barrantes Cueva, Roberth Manuel"]
[Black "Sanchez Arteaga, Alejandro Mathias"]
[Result "0-1"]
[WhiteElo "1670"]
[BlackElo "1746"]
[PlyCount "62"]
[EventDate "2022.01.25"]
[EventType "swiss"]
[EventRounds "9"]
[EventCountry "ECU"]
[SourceTitle "CBM 206 Extra"]
[Source "ChessBase"]
[SourceDate "2022.03.31"]
[SourceVersion "1"]
[SourceVersionDate "2022.03.31"]
[SourceQuality "1"]

1. e4 c5 2. Nf3 d6 3. Bb5+ Bd7 4. Bxd7+ Nxd7 5. 0-0 Ngf6 6. Re1 g6 7. c3 Bg7 8. d4 0-0 9. h3 d5 10. e5 Ne4 11. Nbd2 Nxd2 12. Bxd2 Qb6 13. Qa4 Rfd8 14. e6 fxe6 15. Ng5 e5 16. dxe5 Nxe5 17. f4 Nc4 18. Bc1 Bf6 19. Qc2 Bxg5 20. fxg5 Qd6 21. b3 Ne5 22. Qe2 Nc6 23. Qg4 e5 24. Bd2 Rf8 25. Re2 e4 26. c4 Nd4 27. Rf2 Rxf2 28. Kxf2 Qh2 29. Bf4 Rf8 30. Ke3 Rxf4 31. Qc8+ Rf8 0-1

[Event "South America-ch U16 16th"]
[Site "Buenos Aires"]
[Date "2019.12.05"]
[Round "7.7"]
[White "Hernandez, Jeronimo"]
[Black "Barrantes Cueva, Roberth Manuel"]
[Result "0-1"]
[WhiteElo "1850"]
[BlackElo "1512"]
[PlyCount "72"]
[EventDate "2019.12.01"]
[EventType "swiss"]
[EventRounds "9"]
[EventCountry "ARG"]
[SourceTitle "EXT 2024"]
[Source "ChessBase"]
[SourceDate "2023.10.10"]
[SourceVersion "1"]
[SourceVersionDate "2023.10.10"]
[SourceQuality "1"]

1. d4 d5 2. c4 c6 3. Nf3 Nf6 4. e3 e6 5. Nc3 Nbd7 6. Bd3 dxc4 7. Bxc4 b5 8. Be2 a6 9. 0-0 Bb7 10. Nd2 c5 11. Bf3 Qb6 12. Bxb7 Qxb7 13. Nf3 Be7 14. b3 0-0 15. Bb2 Rfd8 16. Qe2 b4 17. Na4 Ne4 18. Rac1 Rac8 19. Rfd1 Rc7 20. dxc5 Rdc8 21. Nd2 Ndxc5 22. Nxc5 Rxc5 23. Rxc5 Rxc5 24. Nc4 h6 25. f3 Nc3 26. Bxc3 bxc3 27. Qc2 Rd5 28. Rd3 Bf6 29. Kf1 g6 30. g3 Rxd3 31. Qxd3 Qxf3+ 32. Kg1 h5 33. a4 h4 34. gxh4 Bxh4 35. Ne5 Qf2+ 36. Kh1 c2 0-1